Bioética /

Reflexiones sobre la bioética, enfocada desde diversas perspectivas. La autora analiza la interrelación de la ciencia con la sociedad; el desarrollo histórico de los derechos fundamentales de la persona; distintos conceptos y formas de asumir el binomio vida-muerte; formas de evaluación de la calida...

Ful tanımlama

Kaydedildi:
Detaylı Bibliyografya
Yazar: Boladeras Cucurella, Margarita (autor)
Materyal Türü: Kitap
Dil:İspanyolca
Baskı/Yayın Bilgisi: Madrid, España : Síntesis, 1999, c1999
Seri Bilgileri:(Filosofía. Thémata ; 1)
Konular:
Etiketler: Etiketle
Etiket eklenmemiş, İlk siz ekleyin!

MARC

LEADER 00000nam^a2200000^a^4500
001 000130250
005 20250521000000.0
009 20260310094941.31
020 |a 84-7738-564-5 
037 |a Acervo ITESO - Biblioteca 
041 |a ESP 
082 |a 174. 2  |b BOL 
100 |a Boladeras Cucurella, Margarita  |e (autor) 
245 1 0 |a Bioética /  |c M. Boladeras Cucurella. 
264 4 |a Madrid, España :  |b Síntesis,  |c 1999, c1999 
300 |a 287 p. 
336 |a texto  |b txt  |2 rdacontenido 
337 |a sin mediación  |b n  |2 rdamedio 
338 |a volumen  |b nc  |2 rdasoporte 
440 1 |a (Filosofía.  |p Thémata ;  |v 1) 
520 |a Reflexiones sobre la bioética, enfocada desde diversas perspectivas. La autora analiza la interrelación de la ciencia con la sociedad; el desarrollo histórico de los derechos fundamentales de la persona; distintos conceptos y formas de asumir el binomio vida-muerte; formas de evaluación de la calidad de vida; el proceso de toma de decisiones en situaciones de vida o muerte y la deontología médica, además de recoger algunos documentos jurídicos relevantes para las cuestiones mencionadas. 
649 |a XX 
650 |a Bioética 
650 |a Etica Médica 
650 |a Etica Científica 
650 |a Etica Profesional 
650 |a Calidad de Vida 
650 |a Muerte 
650 |a Derechos Humanos 
650 |a Derecho -  |z España 
650 |a Sociología de la Ciencia 
910 |a Fondo General 
920 |a Impresos - Libros 
930 |a Colección General 
905 |a 101 
901 |a 0500060088  |b IT1  |c ACC  |u 20250521 
902 |a https://opac.biblio.iteso.mx/vufind/Record/000130250